000 00470nam a22001817a 4500
005 20251108170926.0
008 250721s1993 xx 000 0 ara d
082 1 4 _a301.45159/عون
100 1 _aدرية، عوني
245 1 0 _aعرب و أكراد /
264 1 _aالقاهرة :
_bدار الهلال،
_c1993.
300 _a227ص.
650 1 7 _aالأكراد
650 1 7 _aالأقليات
650 1 7 _aالعرب
942 _2ddc
_cBK
999 _c52281
_d52281